|
|
|
|
| LEADER |
00000nam0a2200000 4500 |
| 001 |
264080 |
| 005 |
20231101233811.0 |
| 035 |
|
|
|a (RuTPU)RU\TPU\book\287071
|
| 090 |
|
|
|a 264080
|
| 100 |
|
|
|a 20140616d1987 k y0rusy50 ca
|
| 101 |
0 |
|
|a rus
|
| 102 |
|
|
|a RU
|
| 105 |
|
|
|a a z 001zy
|
| 200 |
1 |
|
|a Прогнозирование геологического разреза в Прикаспийской впадине
|e тематический сборник
|f Всесоюзный научно-исследовательский геологоразведочный нефтяной институт (ВНИГНИ) ; Нижне-Волжский научно-исследовательский институт геологии и геофизики ; под ред. Ю. С. Кононова
|
| 210 |
|
|
|a Саратов
|c Мзд-во ВНИГНИ
|d 1987
|
| 215 |
|
|
|a 175 с.
|c ил.
|
| 320 |
|
|
|a Библиогр. в конце ст.
|
| 606 |
1 |
|
|a Нефтегазоносность
|x Прогноз
|2 stltpush
|3 (RuTPU)RU\TPU\subj\45617
|9 64810
|
| 610 |
1 |
|
|a прогнозирование
|
| 610 |
1 |
|
|a геологический разрез
|
| 610 |
1 |
|
|a Прикаспийская впадина
|
| 610 |
1 |
|
|a горные породы
|
| 610 |
1 |
|
|a коллекторские свойства
|
| 675 |
|
|
|a 553.98(044)
|v 3
|
| 702 |
|
1 |
|a Кононов
|b Ю. С.
|4 340
|
| 712 |
0 |
2 |
|a Всесоюзный научно-исследовательский геологоразведочный нефтяной институт (ВНИГНИ)
|2 stltpush
|3 (RuTPU)RU\TPU\col\18350
|
| 712 |
0 |
2 |
|a Нижне-Волжский научно-исследовательский институт геологии и геофизики
|2 stltpush
|3 (RuTPU)RU\TPU\col\12021
|9 25324
|
| 801 |
|
1 |
|a RU
|b 63413507
|c 20140616
|
| 801 |
|
2 |
|a RU
|b 63413507
|c 20210304
|g RCR
|
| 942 |
|
|
|c BK
|